[Event "GBR-ch U1750 op 105th"]
[Site "Hull"]
[Date "2018.08.02"]
[Round "4"]
[White "Redmond, Nigel"]
[Black "Boury, Ramesh"]
[Result "1-0"]
[WhiteElo "1592"]
[BlackElo "1441"]
[PlyCount "151"]
[EventDate "2018.07.30"]
[EventType "swiss"]
[EventRounds "5"]
[EventCountry "ENG"]
[SourceTitle "EXT 2021"]
[Source "ChessBase"]
[SourceDate "2020.10.23"]
[SourceVersion "1"]
[SourceVersionDate "2020.10.23"]
[SourceQuality "1"]

1. Nf3 d5 2. d4 Nf6 3. e3 e6 4. Bd3 Bb4+ 5. c3 Bd6 6. Nbd2 c5 7. 0-0 c4 8. Bc2 Qc7 9. Re1 0-0 10. e4 dxe4 11. Nxe4 Nxe4 12. Rxe4 f5 13. Rh4 Be7 14. Bg5 Bxg5 15. Nxg5 h6 16. Nf3 Nd7 17. Qe2 Qc6 18. Rd1 Qd5 19. b3 b5 20. Nd2 Bb7 21. Nf3 Rf6 22. Rh3 g5 23. Rg3 f4 24. Rg4 Qc6 25. h4 Rf5 26. hxg5 h5 27. Rh4 Rxg5 28. Rxf4 Rg4 29. Be4 Qc7 30. Rxg4+ hxg4 31. Ng5 Bd5 32. Bxd5 exd5 33. Qe6+ Kg7 34. Re1 Nf6 35. Qf5 Qd7 36. Qxd7+ Nxd7 37. Re7+ Kf6 38. Rxd7 cxb3 39. axb3 Kxg5 40. Rxd5+ Kf4 41. Rxb5 g3 42. fxg3+ Kxg3 43. Rf5 Re8 44. Rf3+ Kg4 45. Kf2 a5 46. c4 Rb8 47. d5 Rb4 48. Rc3 Kf5 49. Ke3 Ke5 50. g4 Rb7 51. Rd3 Kd6 52. Kd4 Rf7 53. c5+ Kd7 54. Rg3 Rf4+ 55. Kc3 a4 56. bxa4 Rxa4 57. Kd2 Rd4+ 58. Rd3 Rxg4 59. Kc3 Ra4 60. Kb3 Ra1 61. Rc3 Rd1 62. Kc4 Ra1 63. Kb4 Rb1+ 64. Kc4 Rg1 65. Rb3 Rg4+ 66. Kb5 Rd4 67. d6 Rd5 68. Re3 Rd1 69. Re7+ Kd8 70. Kc6 Ra1 71. Rb7 Ra6+ 72. Rb6 Ra8 73. Kd5 Kd7 74. c6+ Kd8 75. Ke6 Kc8 76. c7 1-0

[Event "GBR-ch U1750 op 105th"]
[Site "Hull"]
[Date "2018.08.01"]
[Round "3"]
[White "Redmond, Nigel"]
[Black "Lambton, David"]
[Result "0-1"]
[WhiteElo "1592"]
[BlackElo "1502"]
[PlyCount "104"]
[EventDate "2018.07.30"]
[EventType "swiss"]
[EventRounds "5"]
[EventCountry "ENG"]
[SourceTitle "EXT 2021"]
[Source "ChessBase"]
[SourceDate "2020.10.23"]
[SourceVersion "1"]
[SourceVersionDate "2020.10.23"]
[SourceQuality "1"]

1. d3 d5 2. Nf3 Bg4 3. Nbd2 Nf6 4. c3 e6 5. Qb3 b6 6. Ne5 Bf5 7. Qa4+ Nbd7 8. Ndf3 Bd6 9. Nc6 Qc8 10. Ncd4 Bg4 11. Nb5 Bxf3 12. Nxd6+ cxd6 13. exf3 0-0 14. f4 Nc5 15. Qd1 Re8 16. Be2 e5 17. 0-0 Qd8 18. fxe5 dxe5 19. Bg5 Qd6 20. Bh4 Qe6 21. Re1 Rad8 22. Qc2 Qc6 23. Rad1 Rc8 24. Qd2 Ncd7 25. Qg5 h6 26. Qd2 Qc5 27. Rc1 d4 28. Bf3 dxc3 29. Rxc3 Qd4 30. Bg3 Rxc3 31. bxc3 Qc5 32. d4 exd4 33. Rxe8+ Nxe8 34. Qxd4 Qxd4 35. cxd4 Kf8 36. Bf4 Ke7 37. Kf1 Nd6 38. Ke2 Nf6 39. Kd3 Ke6 40. h4 Nd5 41. Bd2 b5 42. Bg4+ f5 43. Bf3 Nc4 44. Bxd5+ Kxd5 45. f3 Nxd2 46. Kxd2 Kxd4 47. g3 a5 48. a3 b4 49. axb4 axb4 50. g4 fxg4 51. fxg4 g5 52. hxg5 hxg5 0-1

[Event "GBR-ch U1750 op 105th"]
[Site "Hull"]
[Date "2018.07.31"]
[Round "2"]
[White "Rayner, Hugo"]
[Black "Redmond, Nigel"]
[Result "1/2-1/2"]
[WhiteElo "1391"]
[BlackElo "1592"]
[PlyCount "45"]
[EventDate "2018.07.30"]
[EventType "swiss"]
[EventRounds "5"]
[EventCountry "ENG"]
[SourceTitle "EXT 2021"]
[Source "ChessBase"]
[SourceDate "2020.10.23"]
[SourceVersion "1"]
[SourceVersionDate "2020.10.23"]
[SourceQuality "1"]

1. e4 d6 2. d4 Nf6 3. Nc3 Nbd7 4. f4 e5 5. Nf3 Be7 6. dxe5 dxe5 7. fxe5 Ng4 8. e6 fxe6 9. h3 Nge5 10. Nxe5 Nxe5 11. Qxd8+ Bxd8 12. Bf4 Ng6 13. Bg3 a6 14. Bc4 Bh4 15. Bxh4 Nxh4 16. Kf2 0-0+ 17. Kg3 Ng6 18. Rhf1 Bd7 19. Rf5 Kh8 20. Rxf8+ Rxf8 21. Rf1 Rxf1 22. Bxf1 b5 23. Kf3 1/2-1/2

[Event "GBR-ch U120 op 105th"]
[Site "Hull"]
[Date "2018.07.31"]
[Round "2"]
[White "Redmond, Nigel"]
[Black "Jestico, John V"]
[Result "1-0"]
[WhiteElo "119"]
[BlackElo "1363"]
[PlyCount "101"]
[EventDate "2018.07.30"]
[EventType "swiss"]
[EventRounds "5"]
[EventCountry "ENG"]
[SourceTitle "EXT 2021"]
[Source "ChessBase"]
[SourceDate "2020.10.23"]
[SourceVersion "1"]
[SourceVersionDate "2020.10.23"]
[SourceQuality "1"]

1. d3 d5 2. Nf3 Nc6 3. Nbd2 e5 4. e4 Nf6 5. h3 h6 6. c3 a6 7. a4 Be6 8. Be2 Bd6 9. Qc2 0-0 10. g4 Nh7 11. Nf1 g5 12. Ng3 Ne7 13. Nf5 Bxf5 14. gxf5 Nf6 15. Rg1 Nh7 16. h4 f6 17. hxg5 hxg5 18. Nh4 Rf7 19. Bh5 Rg7 20. Ng6 c6 21. Bd2 Nf8 22. Nxe7+ Qxe7 23. Qb3 Rd8 24. 0-0-0 Bc5 25. Rg2 Nh7 26. Rh1 Rd7 27. Rgh2 Qd6 28. Bg6 Qc7 29. f3 Kf8 30. Kc2 b5 31. axb5 cxb5 32. Bxh7 Qd6 33. Qxd5 Qxd5 34. exd5 Rxd5 35. Bg6 Rdd7 36. Rh8+ Ke7 37. R1h7 Kd6 38. Rxg7 Rxg7 39. Ra8 Ba7 40. c4 Rc7 41. Bb4+ Kc6 42. b3 bxc4 43. dxc4 Kb7 44. Rf8 Bd4 45. Rf7 Be3 46. Rxc7+ Kxc7 47. Be7 Bf4 48. Be8 Kb6 49. Bxf6 Kc5 50. Bd8 Be3 51. f6 1-0

[Event "GBR-ch U1750 op 104th"]
[Site "Llandudno"]
[Date "2017.08.01"]
[Round "2"]
[White "Redmond, Nigel"]
[Black "Heffer, Mark"]
[Result "1/2-1/2"]
[WhiteElo "1577"]
[BlackElo "1742"]
[PlyCount "55"]
[EventDate "2017.07.31"]
[EventType "swiss"]
[EventRounds "5"]
[EventCountry "WLS"]
[SourceTitle "EXT 2019"]
[Source "ChessBase"]
[SourceDate "2018.10.10"]
[SourceVersion "1"]
[SourceVersionDate "2018.10.10"]
[SourceQuality "1"]

1. d3 Nf6 2. e4 d5 3. Nd2 e6 4. Ngf3 c5 5. c3 Nc6 6. Qc2 Be7 7. Be2 b6 8. 0-0 0-0 9. a3 Bb7 10. b4 Qc7 11. b5 Ne5 12. Nxe5 Qxe5 13. f4 Qc7 14. e5 Nd7 15. Bg4 Rac8 16. Re1 a6 17. a4 g6 18. Nf1 h5 19. Bh3 d4 20. c4 Kh7 21. Ng3 Bh4 22. Re2 Bxg3 23. hxg3 Ra8 24. Qb2 Qd8 25. Bd2 axb5 26. axb5 Rxa1+ 27. Qxa1 Qe8 28. Re1 1/2-1/2

[Event "GBR-ch U1600 op 104th"]
[Site "Llandudno"]
[Date "2017.08.01"]
[Round "2"]
[White "Redmond, Nigel"]
[Black "McCulloch, Andrew"]
[Result "1/2-1/2"]
[WhiteElo "117"]
[BlackElo "102"]
[PlyCount "66"]
[EventDate "2017.07.31"]
[EventType "swiss"]
[EventRounds "5"]
[EventCountry "WLS"]
[SourceTitle "EXT 2019"]
[Source "ChessBase"]
[SourceDate "2018.10.10"]
[SourceVersion "1"]
[SourceVersionDate "2018.10.10"]
[SourceQuality "1"]

1. d3 d5 2. Nf3 Nf6 3. Nbd2 e6 4. e4 dxe4 5. dxe4 Nc6 6. c3 a6 7. Qc2 e5 8. Be2 Be7 9. Nc4 0-0 10. Ncxe5 Nxe5 11. Nxe5 Re8 12. Bc4 Be6 13. Bxe6 fxe6 14. 0-0 Bd6 15. Nf3 e5 16. Bg5 Rf8 17. Rad1 Qe8 18. Rfe1 Nh5 19. Rd3 Qg6 20. Re2 Rxf3 21. Rxf3 Qxg5 22. Rf5 Qg6 23. Re3 Nf4 24. Rg3 Qe6 25. Rfg5 Bf8 26. b3 Rd8 27. Re3 Qe7 28. Rgg3 Rd6 29. Rgf3 Qd7 30. Re1 Rd2 31. Qb1 Qg4 32. Rg3 Qd7 33. Rf3 Qg4 1/2-1/2

[Event "BCF-ch U160"]
[Site "Aberystwyth"]
[Date "2014.07.30"]
[Round "3"]
[White "Redmond, Nigel"]
[Black "McHarg, Andrew"]
[Result "0-1"]
[WhiteElo "120"]
[BlackElo "133"]
[PlyCount "62"]
[EventDate "2014.07.28"]
[EventType "swiss"]
[EventRounds "5"]
[EventCountry "WLS"]
[SourceTitle "EXT 2017"]
[Source "ChessBase"]
[SourceDate "2016.10.25"]
[SourceVersion "1"]
[SourceVersionDate "2016.10.25"]
[SourceQuality "1"]

1. d3 d5 2. Nd2 e5 3. e4 c6 4. Ngf3 Bd6 5. c3 Bg4 6. exd5 cxd5 7. Qb3 Qd7 8. Qxd5 Be6 9. Qe4 Nf6 10. Nxe5 Nxe4 11. Nxd7 Nxd2 12. Nxb8 Nxf1 13. Kxf1 Rxb8 14. Bd2 0-0 15. f3 Rfe8 16. Kf2 Bf5 17. d4 Re7 18. g3 Rbe8 19. Rhe1 Rxe1 20. Rxe1 Rxe1 21. Bxe1 b5 22. Ke3 f6 23. g4 Bb1 24. a4 bxa4 25. h3 a3 26. bxa3 Bxa3 27. Bd2 a5 28. c4 a4 29. Bc3 Bc1+ 30. Ke2 a3 31. Kd1 Bb2 0-1

[Event "BCF-ch Yates op"]
[Site "Aberystwyth"]
[Date "2014.07.27"]
[Round "3"]
[White "Redmond, Nigel"]
[Black "Crockett, Stephen J"]
[Result "1/2-1/2"]
[WhiteElo "120"]
[BlackElo "107"]
[PlyCount "62"]
[EventDate "2014.07.25"]
[EventType "tourn"]
[EventRounds "5"]
[EventCountry "WLS"]
[SourceTitle "EXT 2017"]
[Source "ChessBase"]
[SourceDate "2016.10.25"]
[SourceVersion "1"]
[SourceVersionDate "2016.10.25"]
[SourceQuality "1"]

1. d3 d5 2. Nd2 g6 3. c3 Bg7 4. e4 dxe4 5. dxe4 Nd7 6. Ngf3 Ne5 7. Qc2 c6 8. Nxe5 Bxe5 9. Nf3 Bg7 10. Bc4 Qc7 11. Qb3 e6 12. Bd2 Nf6 13. Qc2 0-0 14. 0-0 a5 15. a4 b6 16. Rfe1 Bb7 17. Rad1 Rad8 18. Bd3 Rd7 19. Bg5 e5 20. Bc4 Rfd8 21. Rxd7 Rxd7 22. Bh4 h6 23. Bxf6 Bxf6 24. Kf1 Qd8 25. Ke2 Kf8 26. Rd1 Rxd1 27. Qxd1 Qxd1+ 28. Kxd1 h5 29. Kc2 c5 30. Kd3 Ke7 31. h4 Bc6 1/2-1/2

[Event "BCF-ch Yates op"]
[Site "Aberystwyth"]
[Date "2014.07.26"]
[Round "2"]
[White "Boztas, Lana"]
[Black "Redmond, Nigel"]
[Result "1/2-1/2"]
[WhiteElo "102"]
[BlackElo "120"]
[PlyCount "115"]
[EventDate "2014.07.25"]
[EventType "tourn"]
[EventRounds "5"]
[EventCountry "WLS"]
[SourceTitle "EXT 2017"]
[Source "ChessBase"]
[SourceDate "2016.10.25"]
[SourceVersion "1"]
[SourceVersionDate "2016.10.25"]
[SourceQuality "1"]

1. c4 e5 2. Nc3 d6 3. g3 Nf6 4. Bg2 c6 5. d3 Nbd7 6. Nf3 Be7 7. 0-0 h6 8. Nh4 Nf8 9. Qb3 Qc7 10. e4 g6 11. Bd2 Ne6 12. Qd1 Bd7 13. Qc1 Ng8 14. Nf3 g5 15. Ne2 Nc5 16. Qc2 Nf6 17. b4 Ne6 18. Bc3 c5 19. a3 h5 20. Bd2 Rg8 21. Nc3 b6 22. Nd5 Nxd5 23. cxd5 Nf8 24. Qc1 f6 25. h3 g4 26. hxg4 hxg4 27. Nh4 Nh7 28. Nf5 Ng5 29. Bxg5 Rxg5 30. Nxe7 Kxe7 31. bxc5 bxc5 32. Qc3 Rb8 33. Rfb1 Rgg8 34. Qd2 Rh8 35. Rb2 Rxb2 36. Qxb2 Qb6 37. Qxb6 axb6 38. Bf1 b5 39. Be2 Rb8 40. Bd1 f5 41. Kf1 Kf6 42. f3 gxf3 43. Bxf3 Kg5 44. Ke2 fxe4 45. Bxe4 Rf8 46. Rh1 Bg4+ 47. Ke3 Bf5 48. Rf1 Rf6 49. Rb1 Bxe4 50. Kxe4 Kg4 51. Rxb5 Kxg3 52. Rb6 Kf2 53. Rb2+ Kg3 54. Ra2 Rf4+ 55. Ke3 Rf3+ 56. Ke4 Rf4+ 57. Ke3 c4 58. dxc4 1/2-1/2